| 000 | 00409nam a2200145Ia 4500 | ||
|---|---|---|---|
| 005 | 20250312014947.0 | ||
| 008 | 240331s9999 xx 000 0 und d | ||
| 082 |
_bVEN _23508 _a894.811 |
||
| 100 | _aVenkatram, M. V | ||
| 245 | 0 | _aNithya Kanni | |
| 260 |
_aChennai, _bVanathi Pathippagam _c1994 |
||
| 300 | _axv, 195 p., | ||
| 500 | _aThe story of the eternal virgin, Madhavi, from the Mahabharata. | ||
| 942 | _cL | ||
| 999 |
_c4231 _d4231 |
||